Individual Income Taxes 2010 Edition (Record no. 620184)

MARC details
000 -LEADER
fixed length control field 00660nam a22002177a 4500
008 - FIXED-LENGTH DATA ELEMENTS--GENERAL INFORMATION
fixed length control field 260428b |||||||| |||| 00| 0 eng d
020 ## - INTERNATIONAL STANDARD BOOK NUMBER
ISBN 9780324828658
Paper back/Hardbound hbk
041 ## - LANGUAGE CODE
Language code of text/sound track or separate title eng
082 ## - DEWEY DECIMAL CLASSIFICATION NUMBER
Classification number 343.7305 HOF
100 ## - MAIN ENTRY--AUTHOR NAME
Personal name H. Hofman, William
110 ## - MAIN ENTRY--CORPORATE NAME
Corporate name or jurisdiction name as entry element South Western Federal Taxation
245 ## - TITLE STATEMENT
Title Individual Income Taxes 2010 Edition
Statement of responsibility, etc /edited by William H. Hofman
260 ## - PUBLICATION, DISTRIBUTION, ETC. (IMPRINT)
Place of publication USA
Name of publisher South Western Cengage Learning
Year of publication 2010
300 ## - PHYSICAL DESCRIPTION
Number of Pages xxii, 700p. varying pages
Dimensions 28cm.
504 ## - BIBLIOGRAPHY, ETC. NOTE
Bibliography, etc Includes index
650 ## - SUBJECT ADDED ENTRY--TOPICAL TERM
Topical Term Military, tax, trade & industrial law
700 ## - ADDED ENTRY--PERSONAL NAME
Personal name E. Smith, James
Personal name Willis, Eugene
942 ## - ADDED ENTRY ELEMENTS (KOHA)
Koha item type English Books
Holdings
Withdrawn status Lost status Damaged status Not for loan Home library Current library Shelving location Date acquired Full call number Accession Number Price effective from Koha item type
        Anna Centenary Library Anna Centenary Library 4TH FLOOR, A WING 28.04.2026 343.7305 HOF 253437 28.04.2026 English Books

Find us on the map